|
000
|
00996nam0 2200301 450
|
|
001
|
nydsp0000322
|
|
005
|
20081217104947.0
|
|
010
|
|
@a978-7-109-08268-7@dCNY18.00
|
|
100
|
|
@a20081216d2007 em y0chiy0120 ea
|
|
101
|
0
|
@achi
|
|
102
|
|
@aCN@b110000
|
|
105
|
|
@aa z 000yy
|
|
106
|
|
@ar
|
|
200
|
1
|
@a饮茶习俗@Ayin cha xi su@f姚国坤等编著
|
|
205
|
|
@a第一版
|
|
210
|
|
@a北京@c中国农业出版社@d2007.4
|
|
215
|
|
@a213页@c彩照@d20cm
|
|
225
|
2
|
@a中国茶文化丛书@Azhong guo cha wen hua cong shu
|
|
314
|
|
@a姚国坤,研究员,男,1937年10月生。
|
|
320
|
|
@a有参考文献(211页)
|
|
330
|
|
@a该书讲述了饮茶的源和流、品茶与环境、文人茶情、宗教茶风、饮茶与民风、饮茶与民俗、饮茶的约定与成规、汉族饮茶风尚以及少数民族茶俗等内容。
|
|
410
|
0
|
@12001 @a中国茶文化丛书
|
|
606
|
0
|
@a品茶@Apin cha@x文化@y中国
|
|
606
|
0
|
@a品茶@Apin cha
|
|
690
|
|
@aTS97@v4
|
|
701
|
0
|
@a姚国坤@Ayao guo kun@f(1937.10~)@4编著
|
|
801
|
0
|
@aCN@bCDNYKJZYXY@c20081217
|
|
905
|
|
@aCDNYKJZYXY@dTS97@e66@f5
|
|
|
|
|
| |
| 饮茶习俗/姚国坤等编著.-第一版.-北京:中国农业出版社,2007.4 |
| 213页:彩照;20cm.-(中国茶文化丛书) |
| |
| |
| ISBN 978-7-109-08268-7:CNY18.00 |
| 该书讲述了饮茶的源和流、品茶与环境、文人茶情、宗教茶风、饮茶与民风、饮茶与民俗、饮茶的约定与成规、汉族饮茶风尚以及少数民族茶俗等内容。 |
| ● |
正题名:饮茶习俗
索取号:TS97/66
 
预约/预借
| 序号
|
登录号
|
条形码
|
馆藏地/架位号
|
状态
|
备注
|
|
1
|
233998
|
300233998
|
海科密-1楼/54架2列1层/
[索取号:TS97/66]
|
在馆
|
|
|
2
|
233999
|
300233999
|
海科密-1楼/54架2列1层/
[索取号:TS97/66]
|
在馆
|
|
|
3
|
234000
|
300234000
|
海科密-1楼/54架2列1层/
[索取号:TS97/66]
|
在馆
|
|
|
4
|
234001
|
300234001
|
海科密-1楼/54架2列1层/
[索取号:TS97/66]
|
在馆
|
|
|
5
|
234002
|
300234002
|
海科密-1楼/54架2列1层/
[索取号:TS97/66]
|
在馆
|
|